G.W.F. Hegel, Wissenschaft der Logik / (Record no. 131328)
[ view plain ]
| 000 -LEADER | |
|---|---|
| fixed length control field | 01118cam a22003134a 4500 |
| 001 - CONTROL NUMBER | |
| control field | 13024092 |
| 003 - CONTROL NUMBER IDENTIFIER | |
| control field | ARRUPE |
| 005 - DATE AND TIME OF LATEST TRANSACTION | |
| control field | 20220421100118.0 |
| 008 - FIXED-LENGTH DATA ELEMENTS--GENERAL INFORMATION | |
| fixed length control field | 021129s2002 gw b 001 0 ger |
| 010 ## - LIBRARY OF CONGRESS CONTROL NUMBER | |
| LC control number | 2003397753 |
| 020 ## - INTERNATIONAL STANDARD BOOK NUMBER | |
| International Standard Book Number | 3050037113 |
| 035 ## - SYSTEM CONTROL NUMBER | |
| System control number | (GyWOH)har025033538 |
| 040 ## - CATALOGING SOURCE | |
| Original cataloging agency | DLC |
| Transcribing agency | DLC |
| Modifying agency | DLC |
| 042 ## - AUTHENTICATION CODE | |
| Authentication code | pcc |
| 050 00 - LIBRARY OF CONGRESS CALL NUMBER | |
| Classification number | B2942.Z7 |
| Item number | G28 2002 |
| 082 00 - DEWEY DECIMAL CLASSIFICATION NUMBER | |
| Classification number | 160 |
| Edition number | 22 |
| 300 ## - PHYSICAL DESCRIPTION | |
| Dimensions | 21 cm. |
| 245 00 - TITLE STATEMENT | |
| Title | G.W.F. Hegel, Wissenschaft der Logik / |
| Statement of responsibility, etc | herausgegeben von Anton Friedrich Koch und Friedrike Schick. |
| 260 ## - PUBLICATION, DISTRIBUTION, ETC. (IMPRINT) | |
| Place of publication, distribution, etc | Berlin : |
| Name of publisher, distributor, etc | Akademie Verlag, |
| Date of publication, distribution, etc | c2002. |
| 300 ## - PHYSICAL DESCRIPTION | |
| Extent | xi, 279 p. ; |
| 440 #0 - SERIES STATEMENT/ADDED ENTRY--TITLE | |
| Title | Klassiker Auslegen ; |
| Volume number/sequential designation | Bd. 27 |
| 9 (RLIN) | 51382 |
| 504 ## - BIBLIOGRAPHY, ETC. NOTE | |
| Bibliography, etc | Includes bibliographical references (p. 265-273) and index. |
| 600 10 - SUBJECT ADDED ENTRY--PERSONAL NAME | |
| Personal name | Hegel, Georg Wilhelm Friedrich, |
| Dates associated with a name | 1770-1831. |
| Title of a work | Wissenschaft der Logik. |
| 9 (RLIN) | 27936 |
| 650 #0 - SUBJECT ADDED ENTRY--TOPICAL TERM | |
| Topical term or geographic name as entry element | Logic. |
| 700 1# - ADDED ENTRY--PERSONAL NAME | |
| Personal name | Koch, Anton Friedrich. |
| 9 (RLIN) | 51383 |
| 700 1# - ADDED ENTRY--PERSONAL NAME | |
| Personal name | Schick, Friedrike, |
| Dates associated with a name | 1960- |
| 9 (RLIN) | 51384 |
| 906 ## - LOCAL DATA ELEMENT F, LDF (RLIN) | |
| a | 7 |
| b | cbc |
| c | origres |
| d | 3 |
| e | ncip |
| f | 20 |
| g | y-gencatlg |
| 942 ## - ADDED ENTRY ELEMENTS (KOHA) | |
| Source of classification or shelving scheme | Library of Congress Classification |
| Koha item type | Monograph ( Printed materials) |
| Withdrawn status | Lost status | Source of classification or shelving scheme | Damaged status | Not for loan | Collection code | Home library | Current library | Shelving location | Date acquired | Total Checkouts | Full call number | Barcode | Date last seen | Price effective from | Koha item type |
|---|---|---|---|---|---|---|---|---|---|---|---|---|---|---|---|
| Library of Congress Classification | Main Collection | ARRUPE LIBRARY | ARRUPE LIBRARY | Main Collection | 21/04/2022 | B2942.Z7 G28 2002 | 46600008704 | 21/04/2022 | 21/04/2022 | Monograph ( Printed materials) |